| 000 | 00794 a2200253 4500 | ||
|---|---|---|---|
| 003 | OSt | ||
| 005 | 20180116192330.0 | ||
| 008 | 120516t xxu||||| |||| 00| 0 eng d | ||
| 010 | _a 95002034 | ||
| 020 | _a1566561914 : | ||
| 040 | _c0 | ||
| 082 | 0 | 0 | _a738.60917 |
| 100 | 1 |
_aPorter, Venetia. _91570 |
|
| 245 | 1 | 0 |
_aIslamic tiles / _cVenetia Porter. |
| 250 | _a1st American ed. | ||
| 260 |
_aNew York : _bInterlink Books, _c1995. |
||
| 300 |
_a128 p. : _bill. (some col.), maps ; _c25 cm. |
||
| 500 | _aIncludes index.(p127-p128) | ||
| 650 | 0 |
_aIslamic tiles _zAsia. _91571 |
|
| 650 | 0 |
_aTiles _zAsia. _91572 |
|
| 942 |
_aSADA _cBK _k738.60917 POR 1995 _2ddc |
||
| 999 |
_c352310 _d352310 |
||